| 000 | 01011nam a2200349 a 4500 | ||
|---|---|---|---|
| 003 | AR-BaBNM | ||
| 005 | 20251128204938.0 | ||
| 008 | 082120s2002 ||||||||||||||000 | spa|| | ||
| 020 | _a950-05-0764-1 | ||
| 040 | _cAR-BaBNM | ||
| 100 | 1 | _aSenen González, Santiago | |
| 245 | 0 | 0 |
_aEl hombre de hierro _bVandor, Rucci, Miguel, Brunelli |
| 260 |
_aBuenos Aires _bEdiciones Corregidor _c1993 |
||
| 300 |
_a157 p. _bil. |
||
| 500 | _aContiene lista de colaboradores en p. 155 | ||
| 500 | _aEjemplar autografiado por uno de los autores | ||
| 650 | 4 | _aMOVIMIENTO OBRERO | |
| 650 | 4 | _aBIOGRAFIAS | |
| 650 | 4 | _aCONFLICTO LABORAL | |
| 650 | 4 | _aCLASE BAJA | |
| 650 | 4 | _aSINDICATOS | |
| 650 | 4 | _aSOCIOLOGIA POLITICA | |
| 650 | 4 | _aCONFLICTO POLITICO | |
| 650 | 4 | _aPARTICIPACION DE LOS TRABAJADORES | |
| 650 | 4 | _aRELACIONES LABORALES | |
| 650 | 4 | _aSINDICALISMO | |
| 651 | 4 | _aArgentina | |
| 700 | 1 | _aBosoer, Fabián | |
| 700 | 1 |
_aTorre, Juan Carlos _eprologuista |
|
| 942 | _cBK | ||
| 998 | _cMariana | ||
| 999 |
_c9440 _d9440 |
||